000 01494cam a22003857a 4500
003 CHAP
005 20220329141843.0
008 980305d1997 mx r 00110 spa d
010 _a74829
011 _a75801
035 _a85371
040 _cCHAP
090 _aTesis
100 0 0 _aGuerra Medina, Cándido Enrique.
_951146
245 1 0 _aEvaluación de diferentes niveles de sustitución de un alimento comercial por una combinación de alfalfa y barredura de pan en dietas para conejos en engorda
_c/por Cándido Enrique Guerra Medina y Gilberto Carlos Ortega Navarro
260 _aChapingo, Méx. :
_bEl autor,
_c1997.
300 _a34 h.
502 _aTesis (Ing. Agr. Esp. en Zootecnia) -- UACH. Departamento de Zootecnia
590 _aALEPH
_b10
_c20130110
_lUCH01
_h1421
590 _aBATCH-UPD
_b10
_c20130110
_lUCH01
_h0608
590 _aBATCH-UPD
_b10
_c20130410
_lUCH01
_h0250
590 _aBATCH-UPD
_b10
_c20130914
_lUCH01
_h1027
590 _aCONVERSION
_b10
_c20130109
_lUCH01
_h1341
650 1 4 _aConejos
_xAlimentación.
_926353
650 1 4 _aConejos
_xEngorda.
_926363
650 1 4 _aConejos
_xPeso.
_926374
650 1 4 _aIndustria panificadora
_xSubproductos.
_957909
700 0 _aOrtega Navarro, Gilberto Carlos.
_983841
901 _aBK
905 _aGuadalupe Pinto C.
942 _cFOLL
949 _bBC
_cTES
_d33724000629051
_eTS2
_fc.2
_h31876
_i85371
_sb
949 _bBC
_cTES
_d33724000759494
_eTS2
_fc.3
_h35075
_i85371
_sb
949 _bBC
_cTES
_d853711
_eTS1
_h31875
_i85371
_sb
999 _c74829
_d74829